|
|
|
|
| LEADER |
00000cam a2200000 a 4500 |
| 001 |
vtls008389036 |
| 003 |
SK-MaSNL |
| 005 |
20260301205031.0 |
| 008 |
011001s1925 xo gr 000 0bslo |
| 015 |
|
|
|a SNBA19191938-008483
|
| 020 |
|
|
|q (brož.)
|
| 035 |
|
|
|a SK01SNKBSKHR20010081253
|
| 035 |
|
|
|a SKM000083716
|
| 040 |
|
|
|a SNK
|b slo
|c SNK
|e AACR2
|
| 041 |
0 |
|
|a slo
|
| 043 |
|
|
|a e------
|a ff-----
|a aw-----
|
| 044 |
|
|
|a xo
|c SK
|
| 072 |
|
7 |
|a 27-9
|x Dejiny kresťanskej cirkvi
|2 konspekt
|
| 080 |
|
|
|a 27-9
|2 2011
|
| 080 |
|
|
|a (37)
|2 2011
|
| 080 |
|
|
|a (0.064)
|2 2011
|
| 100 |
1 |
|
|a Osváth, Gyula,
|d 1887-1957
|4 aut
|9 191855
|
| 245 |
1 |
0 |
|a Nový život na zrúcaninách
|b nákres z doby úpadku západnerimanskej ríše s opisom života a filozofie svät. Augustína
|c Július Osváth
|
| 260 |
|
|
|a Košice
|b n. vl.
|c 1925
|e Košice
|f Sv. Alžbeta
|
| 300 |
|
|
|a 23 s.
|c 23 cm
|
| 500 |
|
|
|a Text ten istý ako v publikácii: Svätý Augustín od toho istého autora
|
| 600 |
1 |
7 |
|a Augustín,
|c svätý,
|d 354-430
|2 SNKMA
|9 166728
|
| 650 |
0 |
7 |
|a cirkevné dejiny
|2 SNKPH
|9 3909
|
| 651 |
|
7 |
|a Rímska ríša
|2 SNKPHgeo
|9 212347
|
| 655 |
|
7 |
|a výklady
|2 SNKPH
|9 29178
|
| 852 |
|
|
|a Slovenská národná knižnica
|
| 954 |
|
|
|a duchovná literatúra pôvodná (slovenská)
|2 lita
|
| 958 |
|
|
|a OND
|
| 958 |
|
|
|a NT
|
| 999 |
|
|
|c 908721
|d 910651
|
| 952 |
|
|
|a SNK
|b SNK
|y PREZ
|7 0
|p 17A0715828
|o snkSC 1224
|i snk829/31
|0 0
|1 0
|4 0
|d 2024-05-10
|f 1
|l 0
|r 2025-06-11 00:00:00
|w 2026-02-24
|
| 952 |
|
|
|a SNK
|b SNK
|y VYP
|7 0
|p 17A1552641
|o snkSC 1224 D1
|i snkVI. 3166/55
|0 0
|1 0
|4 0
|d 2024-09-24
|l 0
|r 2026-02-24 07:36:52
|w 2026-02-24
|